| 000 | 00509nam a2200169 a 4500 | ||
|---|---|---|---|
| 005 | 20210223125352.0 | ||
| 008 | 040507s2001 mx r 000 0 spa d | ||
| 020 | _a9706370250 | ||
| 035 | _aUPN01000133353 | ||
| 049 | _aC | ||
| 050 | 4 |
_aPC4517 _bD5.3 |
|
| 245 | 0 | 0 |
_aDiccionario de la rima : _bherramienta indispensable para poetas y compositores musicales y literarios. |
| 260 |
_aMéxico : _bGernika, _c[2001]. |
||
| 300 | _a470 p. | ||
| 650 | 4 |
_aESPAÑOL - _xRIMA - _vDICCIONARIOS _917049 |
|
| 905 | _aLibro | ||
| 999 |
_c105505 _d105505 |
||